[Event "Ricany op-A"]
[Site "Ricany"]
[Date "2018.08.28"]
[Round "5"]
[White "Hrdina, Robin"]
[Black "Vojta, Tomas"]
[Result "0-1"]
[WhiteElo "2245"]
[BlackElo "2349"]
[PlyCount "60"]
[EventDate "2018.08.25"]
[EventType "swiss"]
[EventRounds "9"]
[EventCountry "CZE"]
[SourceTitle "EXT 2019"]
[Source "ChessBase"]
[SourceDate "2018.10.10"]
[SourceVersion "1"]
[SourceVersionDate "2018.10.10"]
[SourceQuality "1"]

1. e4 d5 2. exd5 Qxd5 3. Nc3 Qd6 4. d4 Nf6 5. Nf3 Bg4 6. Bb5+ c6 7. Be2 Nbd7 8. Be3 e6 9. Qd2 Qc7 10. a3 Bd6 11. h3 Bh5 12. g4 Bg6 13. 0-0-0 b5 14. g5 Ne4 15. Nxe4 Bxe4 16. Rhg1 Rb8 17. Ne5 b4 18. Nc4 bxa3 19. Nxd6+ Qxd6 20. b3 0-0 21. Bf4 e5 22. dxe5 Qc5 23. Be3 Qxe5 24. Qd4 Rfe8 25. Bd3 Bxd3 26. Rxd3 Nc5 27. Rc3 a2 28. Qxe5 a1Q+ 29. Kd2 Nxb3+ 30. Ke2 Qa6+ 0-1

[Event "Prague Summer op-A 5th"]
[Site "Prague"]
[Date "2018.08.06"]
[Round "5"]
[White "Turner, Matthew"]
[Black "Hrdina, Robin"]
[Result "1-0"]
[WhiteElo "2533"]
[BlackElo "2219"]
[PlyCount "54"]
[EventDate "2018.08.03"]
[EventType "swiss"]
[EventRounds "9"]
[EventCountry "CZE"]
[SourceTitle "CBM 185 Extra"]
[Source "ChessBase"]
[SourceDate "2018.07.29"]
[SourceVersion "1"]
[SourceVersionDate "2018.07.29"]
[SourceQuality "1"]

1. d4 Nf6 2. Nf3 e6 3. g3 c5 4. Bg2 cxd4 5. 0-0 d5 6. Nxd4 e5 7. Nb3 Be6 8. Bg5 Nbd7 9. e4 dxe4 10. Nc3 Be7 11. Nxe4 Nxe4 12. Bxe7 Qxe7 13. Bxe4 Nf6 14. Bg2 0-0 15. Re1 Bg4 16. Qd3 Rfe8 17. h3 Bh5 18. Qb5 Rab8 19. f4 e4 20. g4 Bxg4 21. hxg4 Qc7 22. Qf5 Qxc2 23. g5 g6 24. Qxf6 e3 25. Rf1 e2 26. Rfe1 Rbd8 27. Nd4 Qc5 1-0